[Event "First Saturday IM Nov 2013"]
[Site "Budapest"]
[Date "2013.11.06"]
[Round "4.6"]
[White "Balint, Vilmos"]
[Black "To, Nhat Minh"]
[Result "0-1"]
[WhiteElo "2232"]
[BlackElo "2334"]
[PlyCount "104"]
[EventDate "2013.11.02"]

1. e4 e6 2. d4 d5 3. Nc3 Nf6 4. Bg5 Bb4 5. e5 h6 6. exf6 hxg5 7. fxg7 Rg8 8. h4
gxh4 9. Qh5 Qf6 10. O-O-O Qxg7 11. Qxh4 Bd7 12. Rd3 Be7 13. Qh2 Bd6 14. f4 Na6
15. Nf3 Nb4 16. Re3 O-O-O 17. Ne5 Rh8 18. Rh3 Rxh3 19. gxh3 Rg8 20. a3 Nc6 21.
Nb5 Bxe5 22. dxe5 d4 23. a4 a6 24. Na3 Nb4 25. Bc4 Bxa4 26. f5 Qg5+ 27. Qd2
Qxd2+ 28. Kxd2 Bc6 29. Rh2 Kd7 30. h4 Bd5 31. c3 Nc6 32. Bxd5 exd5 33. cxd4
Nxd4 34. Rf2 Rg4 35. h5 Rh4 36. Ke3 c5 37. Nc2 Nc6 38. e6+ Ke7 39. exf7 Kxf7
40. Ne1 Ne5 41. Rc2 d4+ 42. Kf2 c4 43. Kg3 Rxh5 44. Nf3 Nxf3 45. Kxf3 b5 46.
Ke4 d3 47. Rf2 Kf6 48. b4 Rh8 49. Ra2 Re8+ 50. Kf4 c3 51. Rxa6+ Kf7 52. Ra7+
Re7 0-1

[Event "First Saturday IM Nov 2013"]
[Site "Budapest"]
[Date "2013.11.07"]
[Round "5.1"]
[White "To, Nhat Minh"]
[Black "Szeberenyi, Adam"]
[Result "0-1"]
[WhiteElo "2334"]
[BlackElo "2314"]
[PlyCount "140"]
[EventDate "2013.11.02"]

1. d4 d5 2. c4 c6 3. Nf3 Nf6 4. e3 Bg4 5. Qb3 Qb6 6. Nc3 Bxf3 7. gxf3 dxc4 8.
Bxc4 Qxb3 9. Bxb3 Nbd7 10. f4 e6 11. Rg1 b5 12. Bd1 b4 13. Na4 g6 14. Bf3 Rc8
15. Bd2 c5 16. Rc1 Kd8 17. Rc4 Nb6 18. Nxb6 axb6 19. dxc5 bxc5 20. Ke2 Nd7 21.
a3 Nb6 22. Rcc1 Bd6 23. axb4 cxb4 24. Bc6 Ke7 25. e4 f6 26. f5 Bxh2 27. Bxb4+
Bd6 28. Ba5 Nd7 29. fxe6 Kxe6 30. b4 Bf4 31. Bd5+ Kd6 32. Rcd1 Ke7 33. b5 Rc2+
34. Kf3 Bd6 35. Bb3 Rb2 36. Rb1 Rxb1 37. Rxb1 h5 38. Kg2 h4 39. Kh3 g5 40. Bd1
Ra8 41. Bd2 Ra3+ 42. Rb3 Ra1 43. Bf3 Nc5 44. Rc3 Ne6 45. Be3 Rb1 46. Be2 Bf4
47. Kg4 Rg1+ 48. Kf5 Bxe3 49. Rxe3 Nd4+ 50. Kg6 h3 51. Rxh3 Nxe2 52. Ra3 Rb1
53. Ra7+ Ke6 54. Ra6+ Ke5 55. Rxf6 Nf4+ 56. Kf7 Kxe4 57. b6 Nd5 58. f3+ Ke5 59.
Re6+ Kf4 60. Rd6 Rb5 61. Kg6 Nxb6 62. Kh5 Nd5 63. Rg6 Ne3 64. Ra6 Rf5 65. Rf6
Nd5 66. Ra6 g4+ 67. Kh4 gxf3 68. Ra4+ Ke5 69. Ra1 f2 70. Rf1 Ne3 0-1

[Event "First Saturday IM Nov 2013"]
[Site "Budapest"]
[Date "2013.11.07"]
[Round "5.2"]
[White "Golubov, Saveliy"]
[Black "Balint, Vilmos"]
[Result "1-0"]
[WhiteElo "2282"]
[BlackElo "2232"]
[PlyCount "87"]
[EventDate "2013.11.02"]

1. e4 e5 2. Nf3 Nc6 3. Bc4 Nf6 4. d3 Be7 5. O-O O-O 6. Re1 d6 7. a4 Na5 8. Ba2
c5 9. c3 Nc6 10. h3 Be6 11. Bb3 Qc7 12. Na3 a6 13. Nc4 b5 14. Ne3 Na5 15. Bc2
b4 16. cxb4 cxb4 17. b3 d5 18. exd5 Nxd5 19. Nxd5 Bxd5 20. Nxe5 Bf6 21. Bb2
Rac8 22. Re2 Qb7 23. f4 Rxc2 24. Qxc2 Nxb3 25. Rae1 Bh4 26. Rf1 Qa7+ 27. Kh2
Nd4 28. Bxd4 Qxd4 29. Qb2 Qxb2 30. Rxb2 Be7 31. Rc1 Bd6 32. g3 Re8 33. Rbc2 Be6
34. Rc6 Bf8 35. Rxa6 f6 36. Nf3 Ba2 37. Rb6 Re2+ 38. Kg1 Bd5 39. Rb8 Kf7 40.
Rc7+ Be7 41. Nd4 Rg2+ 42. Kf1 g6 43. Rb5 Ba8 44. Ra5 1-0

[Event "First Saturday IM Nov 2013"]
[Site "Budapest"]
[Date "2013.11.07"]
[Round "5.3"]
[White "Lyell, Mark"]
[Black "Matsenko, Andrei"]
[Result "0-1"]
[WhiteElo "2274"]
[BlackElo "2269"]
[PlyCount "64"]
[EventDate "2013.11.02"]

1. e4 c6 2. d4 d5 3. exd5 cxd5 4. c4 Nf6 5. Nc3 e6 6. Nf3 Bb4 7. cxd5 Nxd5 8.
Qc2 Nc6 9. Bd3 h6 10. O-O O-O 11. Be3 Nce7 12. Nxd5 Nxd5 13. Ne5 Bd6 14. Qe2
Bd7 15. Rad1 Rc8 16. Bc1 Ba4 17. b3 Nc3 18. Qg4 f5 19. Qg3 Nxd1 20. Bxh6 Qf6
21. Bg5 Bxe5 22. dxe5 Qf7 23. Rxd1 Bc6 24. Qh4 Rc7 25. Re1 Rd7 26. Re3 Be4 27.
Be2 Qg6 28. Rg3 Qh7 29. Qf4 Rc8 30. Rh3 Qg6 31. Qh4 Rc1+ 32. Bf1 Rdd1 0-1

[Event "First Saturday IM Nov 2013"]
[Site "Budapest"]
[Date "2013.11.07"]
[Round "5.4"]
[White "Rudakov, Aleksandr"]
[Black "Kantor, Gergely"]
[Result "1-0"]
[WhiteElo "2340"]
[BlackElo "2322"]
[PlyCount "67"]
[EventDate "2013.11.02"]

1. e4 e6 2. d4 d5 3. Nd2 Be7 4. Bd3 c5 5. dxc5 Nf6 6. Qe2 O-O 7. Ngf3 a5 8. O-O
Na6 9. e5 Nd7 10. c4 Naxc5 11. Bc2 b6 12. Nd4 Qc7 13. f4 Ba6 14. b3 g6 15. Bb2
Rac8 16. Rae1 Rfe8 17. f5 Bf8 18. f6 dxc4 19. bxc4 Red8 20. h4 Bh6 21. Rf2 Nb8
22. h5 Nc6 23. Nxc6 Qxc6 24. Bc1 Bf8 25. hxg6 hxg6 26. Qg4 Nd3 27. Bxd3 Rxd3
28. Ne4 Qxc4 29. Qh4 Rcd8 30. Bh6 Bc5 31. Ref1 Rd1 32. Kh2 Bxf2 33. Rxf2 Qd4
34. Bf4 1-0

[Event "First Saturday IM Nov 2013"]
[Site "Budapest"]
[Date "2013.11.07"]
[Round "5.5"]
[White "Kislik, Erik Andrew"]
[Black "Nguyen, Thi Mai Hung"]
[Result "1/2-1/2"]
[WhiteElo "2376"]
[BlackElo "2204"]
[PlyCount "43"]
[EventDate "2013.11.02"]

1. d4 d5 2. c4 c6 3. Nf3 Nf6 4. Nc3 e6 5. Bg5 Nbd7 6. e3 Be7 7. Bd3 O-O 8. O-O
h6 9. Bh4 b6 10. Rc1 Bb7 11. Qe2 c5 12. Rfd1 Ne4 13. Bxe7 Qxe7 14. cxd5 exd5
15. Ba6 Ndf6 16. Bxb7 Qxb7 17. dxc5 bxc5 18. Nxe4 Nxe4 19. Nh4 g6 20. f3 Nf6
21. g3 Rac8 22. Ng2 1/2-1/2

[Event "First Saturday IM Nov 2013"]
[Site "Budapest"]
[Date "2013.11.07"]
[Round "5.6"]
[White "Kozlitin, Oleg"]
[Black "Kozak, Adam"]
[Result "1-0"]
[WhiteElo "2314"]
[BlackElo "2163"]
[PlyCount "121"]
[EventDate "2013.11.02"]

1. e4 e5 2. Nf3 Nc6 3. Bb5 a6 4. Ba4 Nf6 5. O-O Be7 6. Re1 b5 7. Bb3 d6 8. c3
O-O 9. d3 Na5 10. Bc2 c5 11. Nbd2 Qc7 12. Nf1 Nc6 13. Qe2 Be6 14. Ng3 Rac8 15.
h3 Rfe8 16. Bd2 Bf8 17. Ng5 d5 18. Nh5 Qd8 19. Nxf6+ Qxf6 20. d4 g6 21. dxe5
Qxe5 22. f4 Qd6 23. Rad1 d4 24. e5 Qd7 25. Be3 Be7 26. Ne4 Qa7 27. Bf2 Rcd8 28.
Qf3 Bd5 29. Qg3 Qc7 30. Bb1 Bxe4 31. Bxe4 dxc3 32. bxc3 Bf8 33. Qf3 Na7 34. Bd5
Nc8 35. Bh4 Be7 36. Bg3 Nb6 37. Bb7 Rxd1 38. Rxd1 Na4 39. Bd5 Nb6 40. Bb7 Na4
41. Bd5 Nb6 42. Be4 Nc4 43. Qe2 Rd8 44. Bd3 Nb6 45. Bc2 Rxd1+ 46. Qxd1 Qd8 47.
Qe2 Nd5 48. Qf3 Nb6 49. Be1 Qd5 50. Qxd5 Nxd5 51. Bd2 Bd8 52. Be4 Nb6 53. Kf2
Nc4 54. Bc1 Ba5 55. Bb7 Bxc3 56. Bxa6 Bd4+ 57. Ke2 Nb6 58. Bxb5 Nd5 59. a4 c4
60. Bxc4 Nc3+ 61. Kd3 1-0

[Event "First Saturday IM Nov 2013"]
[Site "Budapest"]
[Date "2013.11.08"]
[Round "6.1"]
[White "Szeberenyi, Adam"]
[Black "Kozak, Adam"]
[Result "1-0"]
[WhiteElo "2314"]
[BlackElo "2163"]
[PlyCount "133"]
[EventDate "2013.11.02"]

1. Nf3 Nf6 2. c4 c6 3. d4 d5 4. e3 Bg4 5. Qb3 Qb6 6. Nc3 e6 7. Ne5 Bf5 8. c5
Qc7 9. Bd2 Nbd7 10. Nxd7 Nxd7 11. Be2 Be7 12. O-O O-O 13. f3 e5 14. Be1 Bf6 15.
Bg3 Qc8 16. Qd1 Re8 17. Kh1 exd4 18. exd4 Nf8 19. Bd3 Re3 20. Bxf5 Qxf5 21. Qb3
Qd7 22. Bf2 Re7 23. Qa4 g6 24. Bg3 Qf5 25. Bd6 Rd7 26. Rfe1 Ne6 27. Rad1 h5 28.
Ne2 h4 29. Ng1 a5 30. Rd2 Qg5 31. Qd1 b6 32. Nh3 Qf5 33. Nf2 Kg7 34. Ng4 bxc5
35. dxc5 h3 36. Nxf6 hxg2+ 37. Rxg2 Kxf6 38. Rg4 Kg7 39. Re5 Qf6 40. Rh5 Qd8
41. Qd2 Rxd6 42. cxd6 Qxd6 43. Qe1 Rb8 44. Qh4 Nf8 45. Rh8 Re8 46. Rg1 Qb4 47.
Qh6+ Kf6 48. Qg5+ Kg7 49. Qh6+ Kf6 50. a3 Qd6 51. Rg8 Ke7 52. Qg7 Ne6 53. Rxe8+
Kxe8 54. Qc3 Qc7 55. b4 axb4 56. axb4 Qd6 57. Rc1 Kd7 58. Qf6 Qf4 59. Qc3 Qd6
60. Ra1 Qb8 61. Qf6 Nd8 62. Qd4 Ne6 63. Ra7+ Kd6 64. Qa1 f5 65. Rg7 Qxb4 66.
Rxg6 Qf4 67. Kg2 1-0

[Event "First Saturday IM Nov 2013"]
[Site "Budapest"]
[Date "2013.11.08"]
[Round "6.2"]
[White "Nguyen, Thi Mai Hung"]
[Black "Kozlitin, Oleg"]
[Result "1/2-1/2"]
[WhiteElo "2204"]
[BlackElo "2314"]
[PlyCount "39"]
[EventDate "2013.11.02"]

1. d4 Nf6 2. Bf4 g6 3. e3 Bg7 4. Nf3 O-O 5. Be2 d6 6. O-O Nc6 7. h3 e5 8. Bh2
exd4 9. exd4 Re8 10. c3 Bf5 11. Nbd2 Qd7 12. Re1 Re7 13. Nc4 Rae8 14. Ne3 Be4
15. Nd2 Nd8 16. Nxe4 Rxe4 17. Bg3 d5 18. Be5 Rh4 19. g3 Rxh3 20. Bf3 1/2-1/2

[Event "First Saturday IM Nov 2013"]
[Site "Budapest"]
[Date "2013.11.03"]
[Round "6.3"]
[White "Kantor, Gergely"]
[Black "Kislik, Erik Andrew"]
[Result "1-0"]
[WhiteElo "2322"]
[BlackElo "2376"]
[PlyCount "85"]
[EventDate "2013.11.02"]

1. d4 Nf6 2. c4 g6 3. Nc3 Bg7 4. e4 d6 5. Bd3 O-O 6. Nge2 Nc6 7. O-O e5 8. d5
Nd4 9. Bc2 Nd7 10. Nxd4 exd4 11. Nb5 Ne5 12. Nxd4 Nxc4 13. Rb1 Re8 14. b3 Ne5
15. Bb2 c5 16. Ne2 b5 17. Qd2 Qh4 18. h3 b4 19. f4 Nd7 20. Bxg7 Kxg7 21. Bd3 a5
22. Rf3 Ba6 23. Rbf1 Bxd3 24. Qxd3 Qe7 25. Ng3 a4 26. Qd2 axb3 27. axb3 Kg8 28.
f5 Ne5 29. Rf4 Ra3 30. f6 Qf8 31. Rh4 Rxb3 32. Qg5 h6 33. Rxh6 Nd7 34. Qh4 Qxh6
35. Qxh6 Nxf6 36. Qf4 Rxg3 37. Qxg3 Nxe4 38. Qf4 f5 39. Qh6 Kf7 40. g4 Re5 41.
gxf5 gxf5 42. Ra1 Nf6 43. Ra7+ 1-0

[Event "First Saturday IM Nov 2013"]
[Site "Budapest"]
[Date "2013.11.08"]
[Round "6.4"]
[White "Matsenko, Andrei"]
[Black "Rudakov, Aleksandr"]
[Result "1-0"]
[WhiteElo "2269"]
[BlackElo "2340"]
[PlyCount "65"]
[EventDate "2013.11.02"]

1. e4 e6 2. d4 d5 3. Nd2 Nf6 4. e5 Nfd7 5. Bd3 c5 6. c3 Nc6 7. Ne2 cxd4 8. cxd4
f6 9. exf6 Nxf6 10. Nf3 Bd6 11. O-O O-O 12. Bf4 Bxf4 13. Nxf4 Ne4 14. Ne2 Rxf3
15. gxf3 Ng5 16. Kh1 e5 17. Qb3 Kh8 18. Bc2 Qf8 19. f4 exf4 20. f3 Bh3 21. Rg1
Qe7 22. Rae1 Re8 23. Qc3 Qf6 24. Nxf4 Rf8 25. Rxg5 Qxg5 26. Nxh3 Qh4 27. Ng1
Nxd4 28. Qb4 Qf6 29. Bd3 b6 30. Qe7 Qf4 31. Qe3 Qh4 32. Rc1 Kg8 33. Rc7 1-0

[Event "First Saturday IM Nov 2013"]
[Site "Budapest"]
[Date "2013.11.08"]
[Round "6.5"]
[White "Balint, Vilmos"]
[Black "Lyell, Mark"]
[Result "0-1"]
[WhiteElo "2232"]
[BlackElo "2274"]
[PlyCount "78"]
[EventDate "2013.11.02"]

1. e4 e5 2. Nf3 Nc6 3. Bb5 f5 4. d4 fxe4 5. Nxe5 Nxe5 6. dxe5 c6 7. Nc3 cxb5 8.
Nxe4 d5 9. exd6 Nf6 10. Qd4 Qd7 11. O-O Nxe4 12. Re1 Kf7 13. Rxe4 Qxd6 14. Qc3
Be6 15. Bg5 h6 16. Bh4 Kg8 17. Bg3 Qd7 18. Rae1 Rc8 19. Qe5 Bf7 20. Qf4 Rc4 21.
Rxc4 bxc4 22. Qe3 b5 23. Be5 Kh7 24. h4 Bg6 25. c3 Rg8 26. Bf4 Qf5 27. Qg3 b4
28. Kh2 bxc3 29. bxc3 h5 30. f3 Qc2 31. Re6 Bc5 32. Qg5 Rf8 33. Be5 Qf5 34.
Qxf5 Rxf5 35. f4 Be3 36. Kg3 Rf7 37. Kf3 Bd2 38. g4 Bd3 39. Bd4 Rd7 0-1

[Event "First Saturday IM Nov 2013"]
[Site "Budapest"]
[Date "2013.11.09"]
[Round "7.1"]
[White "Golubov, Saveliy"]
[Black "Szeberenyi, Adam"]
[Result "1/2-1/2"]
[WhiteElo "2282"]
[BlackElo "2314"]
[PlyCount "59"]
[EventDate "2013.11.02"]

1. e4 e6 2. d4 d5 3. Nc3 dxe4 4. Nxe4 Bd7 5. Nf3 Bc6 6. Bd3 Nd7 7. Ng3 Ngf6 8.
O-O Be7 9. b3 O-O 10. c4 Bxf3 11. Qxf3 c6 12. Bb2 Re8 13. Rfd1 a5 14. Bc2 Qc7
15. Qe2 Rad8 16. Bc3 Bb4 17. Qd2 Bxc3 18. Qxc3 c5 19. Ne2 b6 20. Rd2 cxd4 21.
Nxd4 Nc5 22. f3 Na6 23. Rad1 Nb4 24. Qe3 Qc5 25. Bb1 Rd7 26. Nc2 Qxe3+ 27. Nxe3
Red8 28. Rxd7 Rxd7 29. Rxd7 Nxd7 30. Nd1 1/2-1/2

[Event "First Saturday IM Nov 2013"]
[Site "Budapest"]
[Date "2013.11.09"]
[Round "7.2"]
[White "Lyell, Mark"]
[Black "To, Nhat Minh"]
[Result "0-1"]
[WhiteElo "2274"]
[BlackElo "2334"]
[PlyCount "76"]
[EventDate "2013.11.02"]

1. e4 e6 2. d4 d5 3. e5 c5 4. c3 Nc6 5. Nf3 Bd7 6. Be2 Nge7 7. Na3 cxd4 8. cxd4
Nf5 9. Nc2 Qb6 10. O-O Rc8 11. Bd3 Nb4 12. Nxb4 Qxb4 13. Bxf5 exf5 14. Re1 Be7
15. Bg5 Bxg5 16. Nxg5 O-O 17. Re3 Rc7 18. Nxh7 Rfc8 19. Ng5 Qxb2 20. Re1 g6 21.
h4 Rc2 22. Nh3 Rd2 23. Qb3 Qxd4 24. Qxb7 Rc3 25. Rf1 Be6 26. Rab1 Qxh4 27. Qa8+
Rc8 28. Rb8 Rxb8 29. Qxb8+ Kg7 30. Qxa7 d4 31. a4 f4 32. Qb7 Bxh3 33. gxh3 Qxh3
34. Qe7 Qg4+ 35. Kh1 Rd3 36. Qf6+ Kg8 37. f3 Qh3+ 38. Kg1 Rd2 0-1

[Event "First Saturday IM Nov 2013"]
[Site "Budapest"]
[Date "2013.11.09"]
[Round "7.3"]
[White "Rudakov, Aleksandr"]
[Black "Balint, Vilmos"]
[Result "1-0"]
[WhiteElo "2340"]
[BlackElo "2232"]
[PlyCount "61"]
[EventDate "2013.11.02"]

1. e4 e5 2. Nf3 Nc6 3. Bb5 Nf6 4. O-O Bc5 5. Nxe5 Nxe5 6. d4 a6 7. Be2 Bxd4 8.
Qxd4 d6 9. Nc3 h6 10. f4 Nc6 11. Qd1 O-O 12. Bf3 Rb8 13. b3 Ne7 14. Bb2 b5 15.
Nd5 Nfxd5 16. exd5 Re8 17. Qd2 Qd7 18. Bh5 Rf8 19. Rf3 f6 20. Re1 Kh7 21. Qd3+
Kh8 22. Rfe3 Ng8 23. Bg6 c6 24. Be8 Qg4 25. dxc6 Qxf4 26. Re4 Bf5 27. Rxf4 Bxd3
28. Bd7 Bxc2 29. Ba3 f5 30. Bxd6 Nf6 31. Bxb8 1-0

[Event "First Saturday IM Nov 2013"]
[Site "Budapest"]
[Date "2013.11.09"]
[Round "7.4"]
[White "Kislik, Erik Andrew"]
[Black "Matsenko, Andrei"]
[Result "1-0"]
[WhiteElo "2376"]
[BlackElo "2269"]
[PlyCount "109"]
[EventDate "2013.11.02"]

1. d4 d5 2. c4 c6 3. Nf3 Nf6 4. Nc3 e6 5. Bg5 h6 6. Bxf6 Qxf6 7. e3 Nd7 8. Bd3
g6 9. O-O Bg7 10. e4 dxc4 11. e5 Qe7 12. Bxc4 O-O 13. Re1 Nb6 14. Bd3 Bd7 15.
Ne4 Rfd8 16. Rc1 Be8 17. Bb1 Nd5 18. Qc2 a5 19. h4 h5 20. a3 Rac8 21. g3 b6 22.
Ba2 Nc7 23. Qe2 Nb5 24. Qe3 Nc7 25. Red1 Nd5 26. Qe2 Nc7 27. Kh2 Nd5 28. Bc4
Nc7 29. Nfg5 Nd5 30. Qf3 Rc7 31. Nd6 Bh6 32. Qb3 a4 33. Qc2 Bxg5 34. hxg5 Rxd6
35. exd6 Qxd6 36. Qxa4 Ne7 37. Qb4 Qxb4 38. axb4 Rb7 39. Ra1 b5 40. Bb3 Kf8 41.
Kg2 Nf5 42. Bc2 Nd6 43. b3 Ke7 44. Kf3 Bd7 45. Kf4 Nc8 46. Be4 Kd6 47. Rdc1 Rb8
48. Ke3 Nb6 49. Ra7 Be8 50. Rca1 Bd7 51. Kd2 Be8 52. Re1 Nc8 53. Ra6 Bd7 54.
Re3 Be8 55. d5 1-0

[Event "First Saturday IM Nov 2013"]
[Site "Budapest"]
[Date "2013.11.09"]
[Round "7.5"]
[White "Kozlitin, Oleg"]
[Black "Kantor, Gergely"]
[Result "0-1"]
[WhiteElo "2314"]
[BlackElo "2322"]
[PlyCount "72"]
[EventDate "2013.11.02"]

1. e4 c5 2. Nf3 e6 3. d4 cxd4 4. Nxd4 Nc6 5. Nc3 a6 6. g3 d6 7. Bg2 Bd7 8. O-O
Nf6 9. h3 Be7 10. Be3 O-O 11. g4 h6 12. f4 Rc8 13. Nb3 b5 14. a3 Qc7 15. Qe2 b4
16. axb4 Nxb4 17. Rfd1 Bc6 18. Nd4 Bb7 19. g5 hxg5 20. fxg5 Nd7 21. g6 Qc4 22.
Rac1 Ne5 23. gxf7+ Rxf7 24. Bf1 Rf6 25. Qh5 Qc7 26. Be2 d5 27. Rf1 Nc4 28. e5
Nxe3 29. Nxe6 Rxe6 30. Qf7+ Kh7 31. Qxe6 Nxf1 32. Rxf1 Bc5+ 33. Kh2 Qe7 34.
Qf5+ Kh8 35. Qh5+ Kg8 36. Bd3 Nxd3 0-1

[Event "First Saturday IM Nov 2013"]
[Site "Budapest"]
[Date "2013.11.09"]
[Round "7.6"]
[White "Kozak, Adam"]
[Black "Nguyen, Thi Mai Hung"]
[Result "1/2-1/2"]
[WhiteElo "2163"]
[BlackElo "2204"]
[PlyCount "143"]
[EventDate "2013.11.02"]

1. d4 d5 2. c4 c6 3. Nf3 Nf6 4. Nc3 e6 5. Bg5 Nbd7 6. e3 Bd6 7. Bd3 O-O 8. O-O
Qe7 9. cxd5 exd5 10. Qc2 h6 11. Bh4 Re8 12. Rfe1 g5 13. Bg3 Bxg3 14. hxg3 Ne4
15. Bxe4 dxe4 16. Nd2 Nf6 17. a3 Kg7 18. Nc4 Nd5 19. Ne5 f6 20. Nc4 h5 21. Nd2
Bf5 22. Rac1 Rad8 23. Qa4 a6 24. Qc2 h4 25. gxh4 gxh4 26. Nf1 Qf7 27. f4 Rh8
28. Nxd5 Rxd5 29. Kh2 Qg6 30. Qf2 Bg4 31. Rc2 Rhh5 32. Rec1 Bd7 33. Rc5 b6 34.
Rxd5 Rxd5 35. Qe2 a5 36. Qf2 Rb5 37. Qd2 Qf7 38. Qc2 Qg6 39. Qe2 Qf5 40. Rc2
Rb3 41. Qf2 Qg4 42. Nd2 Qg3+ 43. Qxg3+ hxg3+ 44. Kxg3 Rxe3+ 45. Kf2 Rd3 46.
Nxe4 f5 47. Nd2 Rxd4 48. Ke3 c5 49. Nc4 Re4+ 50. Kf3 Ba4 51. Rc3 Re6 52. Re3
Rg6 53. Kf2 Kf8 54. Re5 Rf6 55. Ne3 Bd7 56. Ke2 Kf7 57. g3 Kg6 58. Kd2 Bc6 59.
Kc3 Bf3 60. Re7 b5 61. Re5 b4+ 62. Kc4 bxa3 63. bxa3 a4 64. Kxc5 Bb7 65. Re7
Be4 66. Nc4 Ra6 67. Nb6 Kh5 68. Rg7 Bd3 69. Nc4 Kh6 70. Rf7 Rg6 71. Ne5 Rxg3
72. Rf6+ 1/2-1/2

[Event "First Saturday IM Nov 2013"]
[Site "Budapest"]
[Date "2013.11.10"]
[Round "8.2"]
[White "Kantor, Gergely"]
[Black "Kozak, Adam"]
[Result "1-0"]
[WhiteElo "2322"]
[BlackElo "2163"]
[PlyCount "99"]
[EventDate "2013.11.02"]

1. d4 Nf6 2. c4 c5 3. d5 b5 4. cxb5 a6 5. bxa6 g6 6. Nc3 Bxa6 7. e4 Bxf1 8.
Kxf1 d6 9. Nf3 Nbd7 10. g3 Bg7 11. Kg2 O-O 12. h3 Qa5 13. Re1 Ne8 14. Bg5 Bxc3
15. bxc3 f6 16. Bd2 Nc7 17. h4 h5 18. Qc2 Qa4 19. Qd3 Kf7 20. c4 Rfb8 21. Bc3
Na6 22. Rec1 Qa3 23. Qe3 Nb4 24. Qh6 Nf8 25. Qd2 Qa4 26. a3 Na6 27. Qf4 Kg8 28.
g4 hxg4 29. Qxg4 Qd7 30. Qf4 Rb3 31. Nd2 Rb7 32. Qg3 Kf7 33. f4 Rab8 34. Re1
Nc7 35. Re2 Ne8 36. Kh2 Ng7 37. Rg1 Ra8 38. Ba1 Qa4 39. f5 Qxa3 40. fxg6+ Ke8
41. Qg4 Qd3 42. h5 Nxh5 43. Qxh5 Nxg6 44. Rxg6 Kd7 45. Bxf6 Ra2 46. Rg7 Kc7 47.
Rxe7+ Kb6 48. Rxb7+ Kxb7 49. Bg5 Ra3 50. Qg4 1-0

[Event "First Saturday IM Nov 2013"]
[Site "Budapest"]
[Date "2013.11.10"]
[Round "8.3"]
[White "Matsenko, Andrei"]
[Black "Kozlitin, Oleg"]
[Result "1/2-1/2"]
[WhiteElo "2269"]
[BlackElo "2314"]
[PlyCount "88"]
[EventDate "2013.11.02"]

1. e4 c5 2. Nf3 d6 3. d4 cxd4 4. Nxd4 Nf6 5. Nc3 a6 6. Be2 e5 7. Nb3 Be7 8. O-O
O-O 9. Re1 b6 10. Bg5 Nbd7 11. a4 Bb7 12. Bc4 h6 13. Bxf6 Nxf6 14. Qe2 Qc7 15.
Rad1 Rfc8 16. Nd2 Qc5 17. Bb3 Rd8 18. Nf1 Bf8 19. Qf3 Bc8 20. Nd5 Nxd5 21. Bxd5
Ra7 22. Qb3 g6 23. Re3 Kg7 24. h3 Bd7 25. Rf3 Be8 26. Ne3 b5 27. axb5 axb5 28.
Ng4 b4 29. Qd3 Be7 30. Bc4 Bg5 31. Ne3 Bxe3 32. Rxe3 Bc6 33. Qe2 f6 34. c3 Rda8
35. cxb4 Qxb4 36. Rb3 Qc5 37. Rc3 Ra1 38. Bd5 Qd4 39. Rcd3 Qb6 40. Bc4 Bb5 41.
Bxb5 Qxb5 42. Kh2 Rxd1 43. Qxd1 Qxb2 44. Rxd6 Qxf2 1/2-1/2

[Event "First Saturday IM Nov 2013"]
[Site "Budapest"]
[Date "2013.11.10"]
[Round "8.4"]
[White "Balint, Vilmos"]
[Black "Kislik, Erik Andrew"]
[Result "1/2-1/2"]
[WhiteElo "2232"]
[BlackElo "2376"]
[PlyCount "74"]
[EventDate "2013.11.02"]

1. e4 e5 2. f4 exf4 3. Bc4 Qh4+ 4. Kf1 d6 5. Nf3 Qh6 6. Nc3 Be6 7. Qe2 Nd7 8.
Nb5 Kd8 9. d4 Ngf6 10. e5 Nh5 11. exd6 Bxd6 12. Nxd6 cxd6 13. Kf2 d5 14. Bb5
Ng3 15. hxg3 Qxh1 16. Bxf4 Qxa1 17. Bxd7 Kxd7 18. Qb5+ Ke7 19. Qxb7+ Kf6 20.
Nh4 Rhe8 21. Qc7 Rad8 22. Be5+ Kg5 23. Bf4+ Kf6 24. Be5+ Kg5 25. Bxg7 Qc1 26.
Qe5+ f5 27. Nf3+ Kg4 28. Qf6 Qxc2+ 29. Kg1 Qc1+ 30. Kh2 Kh5 31. Qh4+ Kg6 32.
Qf6+ Kh5 33. g4+ fxg4 34. Qh4+ Kg6 35. Qf6+ Kh5 36. Qh4+ Kg6 37. Qf6+ Kh5
1/2-1/2

[Event "First Saturday IM Nov 2013"]
[Site "Budapest"]
[Date "2013.11.10"]
[Round "8.5"]
[White "To, Nhat Minh"]
[Black "Rudakov, Aleksandr"]
[Result "1/2-1/2"]
[WhiteElo "2334"]
[BlackElo "2340"]
[PlyCount "28"]
[EventDate "2013.11.02"]

1. d4 Nf6 2. c4 c5 3. Nf3 e6 4. Nc3 d5 5. e3 a6 6. a3 dxc4 7. Bxc4 b5 8. Ba2
Bb7 9. O-O Be7 10. dxc5 Qxd1 11. Rxd1 Bxc5 12. b4 Be7 13. Bb2 Nc6 14. Rac1 O-O
1/2-1/2

[Event "First Saturday IM Nov 2013"]
[Site "Budapest"]
[Date "2013.11.10"]
[Round "8.6"]
[White "Golubov, Saveliy"]
[Black "Lyell, Mark"]
[Result "1/2-1/2"]
[WhiteElo "2282"]
[BlackElo "2274"]
[PlyCount "96"]
[EventDate "2013.11.02"]

1. e4 e5 2. Nf3 Nc6 3. Bc4 Nf6 4. d3 Bc5 5. O-O d6 6. h3 Na5 7. Nbd2 Nxc4 8.
Nxc4 Be6 9. Re1 Bxc4 10. dxc4 h6 11. Nh4 Qd7 12. Qd3 O-O-O 13. Bd2 Bb6 14. a4
a5 15. b4 axb4 16. Bxb4 Bc5 17. c3 Nh5 18. a5 Nf4 19. Qc2 Qe6 20. a6 b6 21. Nf5
Qxc4 22. Qa4 b5 23. a7 Kd7 24. Qa6 Nd3 25. Ne3 Bxe3 26. Rxe3 Ra8 27. Rd1 Nc5
28. Bxc5 Qxc5 29. Ra1 Rhc8 30. Rf3 Rf8 31. g4 Qc6 32. Qa2 Qc4 33. Qb1 Rfc8 34.
Ra2 c6 35. Rd2 Ke7 36. Rfd3 Qxe4 37. Qd1 d5 38. Re2 Qf4 39. Rf3 Qa4 40. Rxe5+
Kf8 41. Qd3 Kg8 42. Re7 Rxa7 43. Rfxf7 Rxe7 44. Rxe7 Rf8 45. Kg2 Qf4 46. Qe2
Kh7 47. Re6 c5 48. Re5 d4 1/2-1/2

[Event "First Saturday IM Nov 2013"]
[Site "Budapest"]
[Date "2013.11.11"]
[Round "9.2"]
[White "Rudakov, Aleksandr"]
[Black "Golubov, Saveliy"]
[Result "1/2-1/2"]
[WhiteElo "2340"]
[BlackElo "2282"]
[PlyCount "155"]
[EventDate "2013.11.02"]

1. Nf3 Nf6 2. c4 e6 3. b3 d5 4. Bb2 c5 5. cxd5 exd5 6. d4 Nc6 7. e3 cxd4 8.
Nxd4 Bb4+ 9. Bc3 Bxc3+ 10. Nxc3 O-O 11. Be2 Qa5 12. Qd2 Be6 13. O-O Rac8 14.
Rac1 Qa3 15. Rfd1 Rfd8 16. Bf3 h6 17. Ncb5 Qe7 18. Qb2 a6 19. Nc3 Rc7 20. Na4
Rdc8 21. Nxc6 Rxc6 22. Rxc6 bxc6 23. Qc3 c5 24. Qa5 Rc6 25. h3 Qa7 26. Nc3 Rd6
27. e4 d4 28. e5 Rd7 29. Na4 Nd5 30. Qxc5 Qc7 31. Qxc7 Nxc7 32. Nc5 Rd8 33. Nb7
Rd7 34. Bc6 Re7 35. Rxd4 Bf5 36. f4 g5 37. Nd6 Bb1 38. fxg5 hxg5 39. Nc4 Bxa2
40. Rd3 Ne6 41. Nd2 Nc5 42. Rc3 Ne6 43. Rc4 Rc7 44. Bd5 Rd7 45. Bxe6 fxe6 46.
Rc2 Bb1 47. Rb2 Bd3 48. Nf3 g4 49. hxg4 Be4 50. Rd2 Rb7 51. Rd6 Bd5 52. Ng5
Bxb3 53. Nxe6 Bxe6 54. Rxe6 Ra7 55. Rd6 a5 56. Rd3 a4 57. Ra3 Kg7 58. Kf2 Re7
59. Rxa4 Rxe5 60. Ra6 Rg5 61. Kg3 Kf7 62. Kh4 Rb5 63. Rc6 Ra5 64. Rc4 Kg6 65.
Rc6+ Kg7 66. g5 Ra1 67. Kh5 Rh1+ 68. Kg4 Ra1 69. Rf6 Ra4+ 70. Rf4 Ra2 71. g3
Kg6 72. Rf6+ Kg7 73. Rb6 Ra1 74. g6 Ra4+ 75. Kh5 Ra5+ 76. Kh4 Ra1 77. g4 Ra5
78. Rd6 1/2-1/2

[Event "First Saturday IM Nov 2013"]
[Site "Budapest"]
[Date "2013.11.11"]
[Round "9.3"]
[White "Kislik, Erik Andrew"]
[Black "To, Nhat Minh"]
[Result "1/2-1/2"]
[WhiteElo "2376"]
[BlackElo "2334"]
[PlyCount "25"]
[EventDate "2013.11.02"]

1. d4 d5 2. c4 dxc4 3. e4 Nf6 4. e5 Nd5 5. Bxc4 Nb6 6. Bd3 Nc6 7. Ne2 Bg4 8. f3
Be6 9. Nbc3 Nb4 10. Be4 N4d5 11. O-O Qd7 12. f4 f5 13. Bf3 1/2-1/2